LOTR: Rulers of Middle-Earth: Ruling Stewards of Gondor - Statistics

General Stats
  • This quiz has been taken 42 times
  • The average score is 14 of 27
Answer Stats
Answer % Correct
10 Denethor I
100%
26 Denethor II Ruling Steward during the War of the Ring
100%
27 Faramir Returns the rule of Gondor to King Elessar. Technically, he is not considered one of the Ruling Stewards.
100%
17 Ecthelion I
94%
25 Ecthelion II Defeats the Corsairs with the aid of Thorongil
94%
11 Boromir
91%
5 Húrin I
69%
14 Húrin II
69%
1 Mardil Voronwë Becomes Ruling Steward after King Eärnur leaves no descendants.
66%
19 Beren
59%
6 Túrin I
59%
23 Túrin II
59%
12 Cirion Defeats the Balchoth with the aid of the Northmen. As a reward he gives them the land of Rohan
56%
8 Barahir
50%
24 Turgon Sauron declares himself openly
44%
20 Beregond
41%
7 Hador
41%
15 Belecthor I
28%
21 Belecthor II Death of the White Tree of Gondor.
28%
18 Egalmoth
28%
9 Dior
25%
16 Orodreth
25%
4 Belegorn
22%
2 Eradan
22%
13 Hallas
22%
3 Herion
22%
22 Thorondir
22%
No matching quizzes found
Score Distribution
Percent of People with Each Score
Percentile by Number Answered
Your Score History
You have not taken this quiz